| 000 | 00720nam a22002057a 4500 | ||
|---|---|---|---|
| 999 |
_c4479 _d4479 |
||
| 003 | AR-CdUCM | ||
| 008 | 190308b ||||| |||| 00| 0 esp d | ||
| 040 |
_aMUNICIPALIDAD PROVINCIAL DEL CUSCO _cBIBLIOTECA MUNICIPAL DEL CUSCO |
||
| 082 |
_a142.78 / _bC525 |
||
| 100 |
_aChariot, Pierre _914066 |
||
| 245 |
_aSartre y el existencialismo _cPierre Chariot. |
||
| 260 |
_aBarcelona : _bG.P _c1963. |
||
| 300 |
_a76 paginas ; _c16 cm. |
||
| 440 |
_aEnciclopedia popular ilustrada _914067 |
||
| 500 | _aDonación de la familia Luis Nieto. | ||
| 505 | _aUn falso concepto del existencialismo -- Quien es Jean Paul Sartre -- La obra de Sartre ... | ||
| 650 |
_aExistencialismo _914068 |
||
| 942 |
_2ddc _cLIBROS |
||
| 945 | _aacrt | ||